| 000 | 00470nam a22001577a 4500 | ||
|---|---|---|---|
| 005 | 20240820121537.0 | ||
| 008 | 240820b |||||||| |||| 00| 0 eng d | ||
| 082 |
_a339.21 _bROL |
||
| 245 |
_aRole of Micro Credit in Economic Revival and Poverty alleviation/ _cThe Institute of Bankers Pakistan |
||
| 250 | _a1st ed. | ||
| 260 |
_aKarachi; _bInstitute of Bankers Pakistan; _c2002 |
||
| 300 |
_a155 p.: _c22 cm. |
||
| 650 | _aSocial Sciences | ||
| 999 |
_c36425 _d36425 |
||